000 00487pab a2200169 454500
008 180718b2005 xxu||||| |||| 00| 0 eng d
100 _aPant, Manoj
245 _aDoes openness promote competition? A case study of Indian manufacturing
260 _c2005
300 _ap.4226-231
362 _a24 Sep
650 _aManufacturing industry - India
650 _aManufacturing industry
700 _aPattanayak, Menoranjan
773 _aEconomic and Political Weekly
909 _a67200
999 _c67200
_d67200